Kvantitatívne metódy a hodnotenie efektívnosti vo vybranom podniku diplomová práca

Uložené v:
Podrobná bibliografia
Hlavný autor: Rychnavská, Daša
Korporativný autor: Podnikovohospodárska fakulta EU so sídlom v Košiciach. Katedra účtovníctva a financií
Ďalší autori: Výrost, Tomáš, 1978-
Médium: Kniha
Jazyk:Slovak
Vydavateľské údaje: Košice 2014
Tagy: Pridať tag
Žiadne tagy, Buďte prvý, kto otaguje tento záznam!

MARC

LEADER 00000nbm a2200000 4500
001 0187113
005 20170201084756.2
041 0 |a slo 
044 |a SK 
245 1 0 |a Kvantitatívne metódy a hodnotenie efektívnosti vo vybranom podniku  |b diplomová práca  |c Daša Rychnavská ; školiteľ: Tomáš Výrost 
264 1 |a Košice  |c 2014 
300 |a 59 s. 
100 1 |a Rychnavská, Daša 
700 1 |a Výrost, Tomáš, 1978- 
710 2 |a Podnikovohospodárska fakulta EU so sídlom v Košiciach. Katedra účtovníctva a financií